00384nam a2200145Ia 450000500170000000800410001703700130005804000200007104100130009108400230010410000130012724500580014026000310019830000090022920250326125353.0250326s9999 xx 000 0 und d aTextbook aFMSLbengcFMSL aeng2eng aX8(J).6 K7.2qFMSL aJain S C 0aAgricultural development of African nationscJain S C aBombaybBombay, Vorac1967 a269p